[Event "GER-chT U20 Girls "]
[Site "Chemnitz"]
[Date "2009.12.28"]
[Round "3.2"]
[White "Steinmann, Anna"]
[Black "Mitze, Alicia"]
[Result "1-0"]
[WhiteElo "1123"]
[BlackElo "827"]
[PlyCount "35"]
[EventDate "2009.12.27"]
[EventType "team-swiss"]
[EventRounds "7"]
[EventCountry "GER"]
[SourceTitle "EXT 2022"]
[Source "ChessBase"]
[SourceDate "2021.10.06"]
[SourceVersion "1"]
[SourceVersionDate "2021.10.06"]
[SourceQuality "1"]
[WhiteTeam "Vaterstetten SC U20 Girls"]
[BlackTeam "Hattersheim U20 Girls"]
[WhiteTeamCountry "GER"]
[BlackTeamCountry "GER"]

1. e4 e5 2. Nf3 Nc6 3. Bc4 Bc5 4. Nc3 Nf6 5. d3 0-0 6. 0-0 d6 7. Bg5 Bg4 8. Nd5 Kh8 9. Nxf6 gxf6 10. Bh6 Rg8 11. Bxf7 Bd4 12. c3 Bb6 13. h3 Bxh3 14. Bxg8 Qxg8 15. Nh4 Ne7 16. Qf3 Ng6 17. Qxf6+ Qg7 18. Qxg7# 1-0

[Event "GER-chT U20 Girls "]
[Site "Chemnitz"]
[Date "2009.12.27"]
[Round "1.2"]
[White "Alt, Elisabeth"]
[Black "Mitze, Alicia"]
[Result "1-0"]
[WhiteElo "1328"]
[BlackElo "827"]
[PlyCount "57"]
[EventDate "2009.12.27"]
[EventType "team-swiss"]
[EventRounds "7"]
[EventCountry "GER"]
[SourceTitle "EXT 2022"]
[Source "ChessBase"]
[SourceDate "2021.10.06"]
[SourceVersion "1"]
[SourceVersionDate "2021.10.06"]
[SourceQuality "1"]
[WhiteTeam "Heusweiler SC Reti U20 Girls"]
[BlackTeam "Hattersheim U20 Girls"]
[WhiteTeamCountry "GER"]
[BlackTeamCountry "GER"]

1. e4 e5 2. Nf3 Nc6 3. d4 f6 4. Nc3 Bb4 5. Bb5 Nge7 6. 0-0 Bxc3 7. bxc3 d6 8. d5 a6 9. Be2 Nb8 10. Rb1 b6 11. Be3 Bg4 12. Qc1 Nd7 13. h3 Bxf3 14. Bxf3 0-0 15. Qd1 h6 16. Bh5 Nc5 17. Qg4 g5 18. h4 Kh8 19. Kh2 a5 20. Rh1 Kh7 21. Kg1 Kh8 22. hxg5 fxg5 23. Bxg5 Rg8 24. Bf7 Kh7 25. Rxh6+ Kg7 26. Qh5 Kf8 27. Bxg8 Kxg8 28. Rh8+ Kg7 29. Qh7# 1-0